[Event "Trevis San Miguel op 26th"]
[Site "Trevis"]
[Date "2020.09.19"]
[Round "2"]
[White "Cabanas Bravo, Juan Andres"]
[Black "Gutierrez Abarrategui, Luis"]
[Result "0-1"]
[WhiteElo "1964"]
[BlackElo "1923"]
[PlyCount "82"]
[EventDate "2020.09.19"]
[EventType "swiss"]
[EventRounds "3"]
[EventCountry "ESP"]
[SourceTitle "EXT 2024"]
[Source "ChessBase"]
[SourceDate "2023.10.10"]
[SourceVersion "1"]
[SourceVersionDate "2023.10.10"]
[SourceQuality "1"]

1. e4 c6 2. d4 d5 3. Nc3 dxe4 4. Nxe4 Nd7 5. Nf3 Ngf6 6. Nxf6+ Nxf6 7. Ne5 Bf5 8. Bc4 e6 9. g4 Be4 10. f3 Bd5 11. Bd3 b5 12. b3 b4 13. Bb2 Nd7 14. Qe2 Nxe5 15. dxe5 Qh4+ 16. Kd2 Be7 17. Raf1 Bg5+ 18. Kd1 Bf4 19. Qe1 Qxe1+ 20. Kxe1 a5 21. Ke2 a4 22. h3 0-0 23. Ra1 c5 24. Rab1 axb3 25. axb3 Ra2 26. Rhd1 Rd8 27. Bc4 Kf8 28. Bxd5 exd5 29. Kd3 Ke7 30. Re1 Ke6 31. c4 bxc3 32. Bxc3 d4 33. Bb2 Kd5 34. Re4 Bxe5 35. f4 Bd6 36. f5 Rb8 37. Ree1 Rxb3+ 38. Kc2 Rxh3 39. Re8 c4 40. Rd8 c3 41. Kb3 Rxb2+ 0-1

[Event "Benidorm op U2000 18th"]
[Site "Benidorm"]
[Date "2019.12.02"]
[Round "4"]
[White "Gutierrez Abarrategui, Luis"]
[Black "Segura del Frago, Imanol"]
[Result "1-0"]
[WhiteElo "1855"]
[BlackElo "1973"]
[PlyCount "151"]
[EventDate "2019.11.29"]
[EventType "swiss"]
[EventRounds "10"]
[EventCountry "ESP"]
[SourceTitle "EXT 2022"]
[Source "ChessBase"]
[SourceDate "2021.10.06"]
[SourceVersion "1"]
[SourceVersionDate "2021.10.06"]
[SourceQuality "1"]

1. d4 d5 2. Nc3 Nf6 3. Bf4 e6 4. e3 Bd6 5. Bd3 Bxf4 6. exf4 0-0 7. g4 c5 8. dxc5 Nfd7 9. Nf3 Nxc5 10. Qd2 Nc6 11. 0-0-0 Nxd3+ 12. Qxd3 Bd7 13. h4 Rc8 14. g5 Qa5 15. a3 b5 16. Ne5 Nxe5 17. fxe5 b4 18. axb4 Qxb4 19. h5 Rb8 20. h6 Qf4+ 21. Kb1 g6 22. Qd4 Qxg5 23. f4 Qe7 24. Rd3 Rfc8 25. f5 Bb5 26. Nxb5 Rxb5 27. fxg6 fxg6 28. Rf1 Qb4 29. b3 Qxd4 30. Rxd4 Rf8 31. Rxf8+ Kxf8 32. Ra4 Rb7 33. Kc1 Kf7 34. Rf4+ Ke7 35. Kd2 Kd7 36. Rf7+ Kc6 37. Rg7 Rc7 38. Ke3 a5 39. Kf4 Kb6 40. Rxc7 Kxc7 41. Kg5 Kc6 42. c3 d4 43. cxd4 Kd5 44. Kf6 g5 45. Kxg5 Kxd4 46. Kf6 Kc3 47. Kxe6 Kxb3 48. Kf7 a4 49. e6 a3 50. e7 a2 51. e8Q a1Q 52. Qb5+ Kc2 53. Qf5+ Kd2 54. Qxh7 Qa7+ 55. Kg8 Qb8+ 56. Kg7 Qc7+ 57. Kh8 Qe5+ 58. Qg7 Qe8+ 59. Kh7 Qe4+ 60. Qg6 Qe7+ 61. Kg8 Qd8+ 62. Kg7 Qd4+ 63. Qf6 Qd7+ 64. Kg6 Qe8+ 65. Kg5 Qg8+ 66. Kh4 Qc4+ 67. Kg5 Qg8+ 68. Qg6 Qd5+ 69. Qf5 Qg8+ 70. Kh5 Qe8+ 71. Kg4 Qe2+ 72. Kg5 Qe7+ 73. Qf6 Qc5+ 74. Kg6 Qc2+ 75. Kh5 Qc5+ 76. Qg5+ 1-0

[Event "Benidorm op U2000 17th"]
[Site "Benidorm"]
[Date "2018.12.02"]
[Round "3"]
[White "Gutierrez Abarrategui, Luis"]
[Black "Gonzalez Lema, Carlos"]
[Result "0-1"]
[WhiteElo "1882"]
[BlackElo "1996"]
[PlyCount "68"]
[EventDate "2018.11.30"]
[EventType "swiss"]
[EventRounds "10"]
[EventCountry "ESP"]
[SourceTitle "EXT 2022"]
[Source "ChessBase"]
[SourceDate "2021.10.06"]
[SourceVersion "1"]
[SourceVersionDate "2021.10.06"]
[SourceQuality "1"]

1. d4 d5 2. Bf4 Nf6 3. e3 e6 4. Bd3 Bd6 5. Nf3 Bxf4 6. exf4 0-0 7. 0-0 b6 8. Qe2 c5 9. c3 Bb7 10. Nbd2 a5 11. a4 Nc6 12. Rfe1 cxd4 13. Nxd4 Nxd4 14. cxd4 g6 15. f3 Ne8 16. Qe5 Nd6 17. b3 Qd7 18. Rac1 Rac8 19. g4 Rc6 20. Nb1 Rfc8 21. Qe3 Qc7 22. Rxc6 Qxc6 23. Na3 Qc3 24. Bf1 Qb2 25. Nb1 Rc2 26. Be2 Bc6 27. Kf1 Bd7 28. h4 f6 29. Rd1 b5 30. axb5 Rxe2 31. Qxe2 Bxb5 32. Rd3 Qxb1+ 33. Kf2 Qxd3 34. Qxe6+ Nf7 0-1

[Event "Trevias op 24th"]
[Site "Trevias"]
[Date "2018.09.22"]
[Round "6"]
[White "Gutierrez Abarrategui, Luis"]
[Black "Crespo Gavilan, Abel"]
[Result "1/2-1/2"]
[WhiteElo "1872"]
[BlackElo "1992"]
[PlyCount "25"]
[EventDate "2018.09.17"]
[EventType "swiss"]
[EventRounds "7"]
[EventCountry "ESP"]
[SourceTitle "CBM 186 Extra"]
[Source "ChessBase"]
[SourceDate "2018.08.24"]
[SourceVersion "1"]
[SourceVersionDate "2018.08.24"]
[SourceQuality "1"]

1. d4 Nf6 2. Bf4 e6 3. Nf3 c5 4. e3 Qb6 5. dxc5 Qxb2 6. Nbd2 Bxc5 7. Rb1 Qxa2 8. Bc4 Qa4 9. 0-0 Nc6 10. Ra1 Qb4 11. Rb1 Qa4 12. Ra1 Qb4 13. Rb1 1/2-1/2

[Event "Benidorm op U2000 16th"]
[Site "Benidorm"]
[Date "2017.12.05"]
[Round "6"]
[White "Fraga Pons, Albert Borja"]
[Black "Gutierrez Abarrategui, Luis"]
[Result "1-0"]
[WhiteElo "1952"]
[BlackElo "1849"]
[PlyCount "105"]
[EventDate "2017.12.01"]
[EventType "swiss"]
[EventRounds "10"]
[EventCountry "ESP"]
[SourceTitle "EXT 2019"]
[Source "ChessBase"]
[SourceDate "2018.10.10"]
[SourceVersion "1"]
[SourceVersionDate "2018.10.10"]
[SourceQuality "1"]

1. e4 e6 2. Nf3 d5 3. Nc3 dxe4 4. Nxe4 Nd7 5. d4 Ngf6 6. Nxf6+ Nxf6 7. Bd3 c5 8. dxc5 Bxc5 9. Bg5 Bd7 10. Qe2 h6 11. Bd2 Qc7 12. Ne5 Bxf2+ 13. Kd1 Bc5 14. Nxd7 Nxd7 15. Rf1 Be7 16. Bc3 Bf6 17. Bxf6 Nxf6 18. a4 0-0-0 19. Ra3 Nd5 20. g3 Rhe8 21. Kc1 Rd6 22. a5 a6 23. Be4 Re7 24. Rd1 Red7 25. Rdd3 Qd8 26. Kb1 Nb4 27. Rxd6 Rxd6 28. Qc4+ Nc6 29. Bf3 Kb8 30. Qf4 Qc7 31. c3 e5 32. Qe4 g6 33. g4 Nxa5 34. Rxa5 f6 35. Ra4 Rb6 36. Rb4 Rxb4 37. Qxb4 f5 38. gxf5 gxf5 39. Qf8+ Qc8 40. Qxh6 e4 41. Qd6+ Qc7 42. Qxc7+ Kxc7 43. Bh5 Kd6 44. Kc2 Ke5 45. Kd2 Kf6 46. h4 f4 47. Bg4 a5 48. Ke2 b6 49. b3 Kg6 50. c4 Kf6 51. Kd2 Kg6 52. Kc3 f3 53. Kd2 1-0

[Event "Alcudia Belleuve"]
[Site "Alcudia"]
[Date "2012.10.21"]
[Round "9.15"]
[White "Gutierrez Abarrategui, Luis"]
[Black "Garcia Verd, Francisco Javier"]
[Result "1-0"]
[WhiteElo "1861"]
[BlackElo "1954"]
[PlyCount "73"]
[EventDate "2012.10.14"]
[EventType "swiss"]
[EventRounds "9"]
[EventCountry "ESP"]
[SourceTitle "EXT 2024"]
[Source "ChessBase"]
[SourceDate "2023.10.10"]
[SourceVersion "1"]
[SourceVersionDate "2023.10.10"]
[SourceQuality "1"]

1. f4 Nc6 2. Nf3 d6 3. d4 Bf5 4. c3 e6 5. Nbd2 h6 6. e4 Bh7 7. Bb5 a6 8. Ba4 b5 9. Bb3 Na5 10. Bc2 d5 11. e5 Ne7 12. Bxh7 Rxh7 13. b3 Nf5 14. Qe2 Be7 15. 0-0 Qd7 16. Qd3 g6 17. Kh1 Nb7 18. a4 c6 19. Ba3 Kf8 20. Ra2 Nd8 21. Rfa1 Qc8 22. g4 Ng7 23. axb5 Bxa3 24. Rxa3 cxb5 25. b4 Ne8 26. Nb3 Nc7 27. Nc5 h5 28. g5 Kg7 29. Kg2 Nb7 30. Nd2 Nxc5 31. dxc5 Rh8 32. Qd4 Rg8 33. h3 Rh8 34. Kf2 Rg8 35. Nb3 Rh8 36. c6 Rb8 37. Nc5 1-0

[Event "Alcudia Belleuve"]
[Site "Alcudia"]
[Date "2012.10.16"]
[Round "3.15"]
[White "Gutierrez Abarrategui, Luis"]
[Black "Hernandez Delgado, Gabriel"]
[Result "1-0"]
[WhiteElo "1861"]
[BlackElo "1987"]
[PlyCount "97"]
[EventDate "2012.10.14"]
[EventType "swiss"]
[EventRounds "9"]
[EventCountry "ESP"]
[SourceTitle "EXT 2024"]
[Source "ChessBase"]
[SourceDate "2023.10.10"]
[SourceVersion "1"]
[SourceVersionDate "2023.10.10"]
[SourceQuality "1"]

1. f4 g6 2. Nf3 Bg7 3. e3 c5 4. Be2 Nc6 5. 0-0 d6 6. d4 cxd4 7. Nxd4 Qb6 8. Nb3 Nh6 9. Nc3 Be6 10. Kh1 0-0 11. g4 f5 12. h3 Rac8 13. Nd5 Qd8 14. Bf3 Kh8 15. g5 Nf7 16. h4 a5 17. Rf2 a4 18. Nd4 Nxd4 19. exd4 Qa5 20. Nxe7 Rc7 21. d5 Rxe7 22. dxe6 Rxe6 23. Bd2 Qb6 24. Kg2 Bxb2 25. Rb1 a3 26. Bc3+ Kg8 27. Bxb2 axb2 28. c4 Rfe8 29. Rbxb2 Qe3 30. Bd5 R6e7 31. Rxb7 Rxb7 32. Bxb7 Qc3 33. Qb3 Qd4 34. Bd5 Re7 35. Qb8+ Kg7 36. Qb2 Qxb2 37. Rxb2 Nd8 38. a4 Kf8 39. a5 Ra7 40. Ra2 Ra6 41. Kf3 Ke7 42. Ke3 Ne6 43. Bxe6 Kxe6 44. Kd4 Kd7 45. Kd5 Ke7 46. c5 dxc5 47. Kxc5 Kd7 48. Kb5 Rc6 49. a6 1-0